La cultura como ser viviente (Record no. 65655)

MARC details
000 -LEADER
campo de control de longitud fija 00631nam a2200181 i 4500
001 - NÚMERO DE CONTROL
campo de control 65655
003 - IDENTIFICADOR DE NÚMERO DE CONTROL
campo de control ES-MaACL
005 - FECHA Y HORA DE LA ÚLTIMA TRANSACCIÓN
campo de control 20230906165432.0
007 - CAMPO FIJO DE DESCRIPCIÓN FÍSICA--INFORMACIÓN GENERAL
campo de control de longitud fija t|
008 - DATOS DE LONGITUD FIJA--INFORMACIÓN GENERAL
campo de control de longitud fija 040120s1934 sp ||||1| spa d
100 1# - ENTRADA PRINCIPAL--NOMBRE DE PERSONA
Nombre de persona Frobenius, Leo (
Fechas asociadas al nombre 1873-1938)
9 (RLIN) 52709
245 13 - MENCIÓN DEL TÍTULO
Título La cultura como ser viviente
Resto del título : contornos de una doctrina cultural y psicológica /
Mención de responsabilidad, etc. de Leo Frobenius ; traducción del alemán por Máximo José Kahn.
250 ## - MENCION DE EDICION
Mención de edición 4ª ed. con un nuevo prólogo.
260 ## - PUBLICACIÓN, DISTRIBUCIÓN, ETC.
Lugar de publicación, distribución, etc. Madrid :
Nombre del editor, distribuidor, etc. Espasa-Calpe,
Fecha de publicación, distribución, etc. 1934.
300 ## - DESCRIPCIÓN FÍSICA
Extensión 282 p. ;
Dimensiones 20 cm.
700 1# - ENTRADA AGREGADA--NOMBRE PERSONAL
Nombre de persona Kahn, Máximo José.
9 (RLIN) 67424
852 ## - LOCALIZACIÓN
Ubicación ES-MaACL
Número de control de estantería F-15304
Sublocalización o colección R.19032
Holdings
Estatus retirado Estado de pérdida Estado de daño No para préstamo Biblioteca de origen Biblioteca actual Ubicación en estantería Fecha de adquisición Fuente de adquisición Total de préstamos Signatura topográfica completa Código de barras Visto por última vez Precio de reemplazo Tipo de ítem Koha
        Biblioteca del Ateneo de Madrid Biblioteca del Ateneo de Madrid Sala Pecera Planta 2 17/01/2008     F-15304 1068784 23/02/2023 23/02/2023 Libro impreso